Southville International School and Colleges
Your cart is empty.
  • Cart
  • Lists
    Public lists Eva Luna New books Lux_list list_1
    Your lists Log in to create your own lists
  • Log in to your account
  • Your cookies
  • Search history
Southville International School and Colleges
  • Advanced search
  • Recent comments
  • Most popular
  • Libraries

Log in to your account

Log in with GOOGLE


If you do not have an external account, but do have a local account, you can still log in:

  1. Home
  2. MARC view: Skeleton man /
Normal view MARC view ISBD view

Skeleton man / (Record no. 792)

[ view plain ]
MARC details
000 -LEADER
fixed length control field 01208cam a2200337 a 4500
001 - CONTROL NUMBER
control field 12263045
003 - CONTROL NUMBER IDENTIFIER
control field OSt
005 - DATE AND TIME OF LATEST TRANSACTION
control field 20140310181641.0
008 - FIXED-LENGTH DATA ELEMENTS--GENERAL INFORMATION
fixed length control field 001220s2001 nyu c 000 1 eng
010 ## - LIBRARY OF CONGRESS CONTROL NUMBER
LC control number 00054345
020 ## - INTERNATIONAL STANDARD BOOK NUMBER
International Standard Book Number 0439439612
040 ## - CATALOGING SOURCE
Original cataloging agency DLC
Transcribing agency DLC
Modifying agency DLC
042 ## - AUTHENTICATION CODE
Authentication code lcac
050 00 - LIBRARY OF CONGRESS CALL NUMBER
Classification number PZ 7
Item number .B887 2001
082 00 - DEWEY DECIMAL CLASSIFICATION NUMBER
Classification number KF
Item number B83s 2001
100 1# - MAIN ENTRY--PERSONAL NAME
Personal name Bruchac, Joseph,
Dates associated with a name 1942-
9 (RLIN) 5280
245 10 - TITLE STATEMENT
Title Skeleton man /
Statement of responsibility, etc Joseph Bruchac.
260 ## - PUBLICATION, DISTRIBUTION, ETC. (IMPRINT)
Place of publication, distribution, etc New York :
Name of publisher, distributor, etc HarperCollins Publishers,
Date of publication, distribution, etc 2001.
300 ## - PHYSICAL DESCRIPTION
Extent 114 p. ;
Dimensions 20 cm.
541 ## - IMMEDIATE SOURCE OF ACQUISITION NOTE
-- 1
562 ## - COPY AND VERSION IDENTIFICATION NOTE
Number of copies 1
650 #1 - SUBJECT ADDED ENTRY--TOPICAL TERM
Topical term or geographic name as entry element Psychopaths
Form subdivision Fiction.
9 (RLIN) 5281
650 #1 - SUBJECT ADDED ENTRY--TOPICAL TERM
Topical term or geographic name as entry element Kidnapping
Form subdivision Fiction.
9 (RLIN) 5282
650 #1 - SUBJECT ADDED ENTRY--TOPICAL TERM
Topical term or geographic name as entry element Mohawk Indians
Form subdivision Fiction.
9 (RLIN) 5283
650 #1 - SUBJECT ADDED ENTRY--TOPICAL TERM
Topical term or geographic name as entry element Indians of North America
Geographic subdivision New York (State)
Form subdivision Fiction.
9 (RLIN) 5284
856 42 - ELECTRONIC LOCATION AND ACCESS
Materials specified Publisher description
Uniform Resource Identifier <a href="http://www.loc.gov/catdir/description/hc043/00054345.html">http://www.loc.gov/catdir/description/hc043/00054345.html</a>
856 42 - ELECTRONIC LOCATION AND ACCESS
Materials specified Contributor biographical information
Uniform Resource Identifier <a href="http://www.loc.gov/catdir/enhancements/fy0910/00054345-b.html">http://www.loc.gov/catdir/enhancements/fy0910/00054345-b.html</a>
906 ## - LOCAL DATA ELEMENT F, LDF (RLIN)
a 7
b cbc
c orignew
d 1
e ocip
f 20
g y-gencatlg
942 ## - ADDED ENTRY ELEMENTS (KOHA)
Source of classification or shelving scheme Library of Congress Classification
Koha item type
Call number prefix
Holdings
Withdrawn status Lost status Source of classification or shelving scheme Damaged status Home library Current library Shelving location Date acquired Total Checkouts Full call number Barcode Date last seen Copy number Price effective from Koha item type
    Library of Congress Classification   Luxembourg Library Luxembourg Library Kids Fiction Section     PZ 7 .B887 2001 14064 08/13/2013 1 10/03/2013 Books

Skeleton man /

APA

Bruchac J., . (2001). Skeleton man. New York: HarperCollins Publishers.

Chicago

Bruchac Joseph, . 2001. Skeleton man. New York: HarperCollins Publishers.

Harvard

Bruchac J., . (2001). Skeleton man. New York: HarperCollins Publishers.

MLA

Bruchac Joseph, . Skeleton man. New York: HarperCollins Publishers. 2001.

  • Place hold
  • Print
  • Cite
  • Add to your cart (remove)
  • Save record
    BIBTEX Dublin Core MARCXML MARC (non-Unicode/MARC-8) MARC (Unicode/UTF-8) MARC (Unicode/UTF-8, Standard) MODS (XML) RIS
  • More searches
    Search for this title in:
    Other Libraries (WorldCat) Other Databases (Google Scholar) Online Stores (Bookfinder.com) Open Library (openlibrary.org)

Exporting to Dublin Core...

SOUTHVILLE LIBRARY

Southville International School and Colleges Library

1281 Tropical Ave. Cor. Luxembourg St., BF Homes International, Las Pinas City

Tel. No. 8256374 / 252358 Loc. 117/146

Powered by Koha